Variability in human fertility

Αποθηκεύτηκε σε:
Λεπτομέρειες βιβλιογραφικής εγγραφής
Άλλοι συγγραφείς: Rosetta, Lyliane (Επιμελητής έκδοσης), Mascie-Taylor, C. G. N. (Επιμελητής έκδοσης)
Μορφή: Βιβλίο
Γλώσσα:English
Δημοσίευση: Cambridge : Cambridge University Press, c1996
Σειρά:Cambridge studies in biological anthropology ; ; 19
Θέματα:
Ετικέτες: Προσθήκη ετικέτας
Δεν υπάρχουν, Καταχωρήστε ετικέτα πρώτοι!

MARC

LEADER 00000nam a2200000 i 4500
001 1/94818
008 991130s1996 eng d
020 |a 0-521-49569-5 
035 |l 10055003 
040 |a GR-MY-UA  |b gre  |e aacr 
041 0 |a eng 
082 0 |a 621.62 
245 1 0 |a Variability in human fertility /  |c edited by Lyliane Rosetta and C. G. N. Mascie-Taylor 
260 |a Cambridge :   |b Cambridge University Press,   |c c1996 
300 |a 225 p.  |b fig. 
490 1 |a Cambridge studies in biological anthropology  |v ; 19 
504 |a Includes bibliographical references and index 
650 0 0 |a Fertility, Human. 
650 0 0 |a Variation (Biology) 
650 0 0 |a Medical anthropology. 
700 1 |a Rosetta, Lyliane.  |4 edt 
700 1 |a Mascie-Taylor, C. G. N.  |4 edt 
830 0 |a Cambridge studies in biological anthropology ;  |v ; 19 
852 |a INST  |b LESVOS  |e 19991130  |h 621.62 VAR  |p 005100022143  |q 005100022143  |t BK  |y 0 
901 |a BIBL1-2000-1 
909 |a Λ  |b 070338 
922 |a 1ΕΛΗ  |b 199911  |c ΚΠΣ/ΤΚΑ  |d LEADER 
950 |a 117-1999-07-28 
970 |a ΤΖΑΦΕΡΗ  |b ΕΥΑΓΓΕΛΙΑ  |z 2000/01/20